|
|
|
|
| LEADER |
00912nam a2200253 a 4500 |
| 001 |
377200 |
| 008 |
100126s1978 dcu b 000 0 eng d |
| 010 |
|
|
|a 78066428
|
| 020 |
|
|
|a 0916468216 :
|c $2.00
|
| 040 |
|
|
|a DLC
|c DLC
|d DLC
|d DB-DhAAL
|
| 082 |
0 |
0 |
|a 333.9/5
|
| 100 |
1 |
|
|a Eckholm, Erik P.
|
| 245 |
1 |
0 |
|a Disappearing species :
|b the social challenge /
|c Erik Eckholm.
|
| 260 |
|
|
|a [Washington] :
|b Worldwatch Institute,
|c 1978.
|
| 300 |
|
|
|a 38 p. ;
|c 22 cm.
|
| 490 |
0 |
|
|a Worldwatch paper ;
|v 22
|
| 504 |
|
|
|a Includes bibliographical references.
|
| 541 |
1 |
|
|e 00003268
|
| 650 |
|
0 |
|a Nature conservation.
|
| 650 |
|
0 |
|a Rare animals.
|
| 650 |
|
0 |
|a Rare plants.
|
| 852 |
4 |
|
|a Ayesha Abed Library
|j General Shelf.
|
| 999 |
|
|
|c 7204
|d 7204
|
| 952 |
|
|
|0 0
|1 0
|2 ddc
|4 0
|6 333_950000000000000_ECK_1978
|7 0
|9 7496
|a BRACUL
|b BRACUL
|c GEN
|d 2010-01-26
|g 0.00
|l 0
|o 333.95 ECK
|p 3010003268
|r 2010-01-26
|t 1
|w 2010-01-26
|y BK
|z Not price in Register
|